[Event "Sao Paulo op-B U2050 8th"]
[Site "Sao Paulo"]
[Date "2019.10.19"]
[Round "4"]
[White "Aragao, Hudson Oliveira Fon"]
[Black "Da Rosa, Henrique Jaze Simoe"]
[Result "1/2-1/2"]
[WhiteElo "1640"]
[BlackElo "1812"]
[PlyCount "83"]
[EventDate "2019.10.17"]
[EventType "swiss"]
[EventRounds "6"]
[EventCountry "BRA"]
[SourceTitle "CBM 192 Extra"]
[Source "Chessbase"]
[SourceDate "2019.11.06"]
[SourceVersion "1"]
[SourceVersionDate "2019.11.06"]
[SourceQuality "1"]

1. d4 d5 2. c4 c6 3. Nc3 Nf6 4. e3 e6 5. Nf3 Bd6 6. Bd3 dxc4 7. Bxc4 b5 8. Bd3 Nbd7 9. Qc2 0-0 10. Ne4 Bb4+ 11. Bd2 Bxd2+ 12. Nfxd2 Qb6 13. Nxf6+ Nxf6 14. Ne4 Nd5 15. a3 h6 16. 0-0 Bb7 17. Nc5 Rad8 18. Rac1 Ba8 19. Rfd1 Rfe8 20. Be4 e5 21. dxe5 Rxe5 22. Bf3 Ree8 23. Nb3 Ne7 24. Rxd8 Rxd8 25. Rd1 a6 26. Rxd8+ Qxd8 27. Qd2 Qxd2 28. Nxd2 Nd5 29. Bxd5 cxd5 30. b4 Kf8 31. Nb3 Bb7 32. Nc5 Bc8 33. Kf1 Ke7 34. Ke2 Kd6 35. Kd3 a5 36. Kd4 axb4 37. axb4 Be6 38. Nb7+ Kc7 39. Nc5 Kd6 40. Nb7+ Kc6 41. Nd8+ Kd6 42. Nb7+ 1/2-1/2

[Event "Sao Paulo op-B U2050 7th"]
[Site "Sao Paulo"]
[Date "2018.03.31"]
[Round "3"]
[White "Aragao, Hudson Oliveira Fon"]
[Black "Mobaier, Sergio"]
[Result "0-1"]
[WhiteElo "1582"]
[BlackElo "1982"]
[PlyCount "116"]
[EventDate "2018.03.30"]
[EventType "swiss"]
[EventRounds "6"]
[EventCountry "BRA"]
[SourceTitle "EXT 2021"]
[Source "ChessBase"]
[SourceDate "2020.10.23"]
[SourceVersion "1"]
[SourceVersionDate "2020.10.23"]
[SourceQuality "1"]

1. d4 d5 2. c4 c6 3. Nc3 e6 4. e3 Nf6 5. Nf3 Nbd7 6. Bd3 dxc4 7. Bxc4 b5 8. Bd3 a6 9. Bd2 c5 10. dxc5 Bxc5 11. Ne4 Be7 12. Qe2 Bb7 13. Nxf6+ Nxf6 14. Rd1 0-0 15. Bc3 Qb6 16. 0-0 Rfd8 17. Bd4 Qa5 18. a3 Rac8 19. Bc3 Qb6 20. Rd2 Bd5 21. Rfd1 Qb7 22. Bb1 Ne4 23. Bxe4 Bxe4 24. Rxd8+ Rxd8 25. Rxd8+ Bxd8 26. Ne1 Qd5 27. Qg4 Bg6 28. Qd4 Qxd4 29. Bxd4 f6 30. Kf1 e5 31. Bc3 Kf7 32. Ke2 Be4 33. f3 Bb7 34. Kd3 Ke6 35. e4 Bb6 36. Nc2 g6 37. Ne3 f5 38. Nf1 Bc6 39. Nd2 h5 40. b4 f4 41. Nf1 g5 42. Nd2 Kd6 43. Nf1 Bd7 44. Nd2 Be6 45. Kc2 g4 46. Kd1 gxf3 47. Nxf3 Bg4 48. Bxe5+ Ke6 49. Bxf4 Bd4 50. Kc2 Bb6 51. Kd3 Ke7 52. Be3 Bc7 53. h3 Be6 54. Bc5+ Kd7 55. e5 Bc4+ 56. Ke3 Ke6 57. Kf4 Bf1 58. g4 Kd5 0-1

[Event "Sao Paulo op-B U2050 7th"]
[Site "Sao Paulo"]
[Date "2018.03.30"]
[Round "1"]
[White "Lorenzon de Carvalho, Tales Pietro"]
[Black "Aragao, Hudson Oliveira Fon"]
[Result "1-0"]
[WhiteElo "1879"]
[BlackElo "1582"]
[PlyCount "83"]
[EventDate "2018.03.30"]
[EventType "swiss"]
[EventRounds "6"]
[EventCountry "BRA"]
[SourceTitle "EXT 2021"]
[Source "ChessBase"]
[SourceDate "2020.10.23"]
[SourceVersion "1"]
[SourceVersionDate "2020.10.23"]
[SourceQuality "1"]

1. Nf3 Nf6 2. b3 d5 3. Bb2 e6 4. e3 c5 5. d4 Nbd7 6. Bd3 Bd6 7. Ne5 cxd4 8. exd4 Qc7 9. Qe2 a6 10. a4 b6 11. 0-0 Bb7 12. Nd2 Rc8 13. f4 0-0 14. Rf3 Ne4 15. Nxd7 Qxd7 16. Nxe4 dxe4 17. Bxe4 Bxe4 18. Qxe4 Qc6 19. Qxc6 Rxc6 20. c3 Be7 21. Re1 Bf6 22. f5 exf5 23. Rxf5 g6 24. Rf3 Rd8 25. Ref1 Kg7 26. Bc1 Rd7 27. Kh1 Rdc7 28. Bd2 Rd7 29. g4 Re6 30. Bh6+ Kxh6 31. Rxf6 Re3 32. R1f3 Rxf3 33. Rxf3 Kg5 34. h3 f5 35. gxf5 gxf5 36. Kg2 h5 37. Rf1 f4 38. Re1 Rd6 39. Kf3 Rc6 40. c4 b5 41. axb5 axb5 42. Re5+ 1-0

[Event "Sao Paulo op-B U2050 6th"]
[Site "Sao Paulo"]
[Date "2017.04.16"]
[Round "5"]
[White "Ferreira, Brandet Rodrigo"]
[Black "Aragao, Hudson Oliveira Fon"]
[Result "1-0"]
[WhiteElo "1808"]
[BlackElo "1543"]
[PlyCount "99"]
[EventDate "2017.04.14"]
[EventType "swiss"]
[EventRounds "6"]
[EventCountry "BRA"]
[SourceTitle "EXT 2019"]
[Source "ChessBase"]
[SourceDate "2018.10.10"]
[SourceVersion "1"]
[SourceVersionDate "2018.10.10"]
[SourceQuality "1"]

1. d4 d5 2. c4 e6 3. Nc3 Nf6 4. e3 c6 5. Bd3 dxc4 6. Bxc4 b5 7. Bd3 a6 8. Nf3 Bb7 9. e4 c5 10. d5 exd5 11. e5 Nfd7 12. e6 fxe6 13. Ng5 Qf6 14. 0-0 h6 15. Qh5+ Ke7 16. Re1 e5 17. f4 e4 18. Bxe4 dxe4 19. Ncxe4 Bxe4 20. Rxe4+ Kd8 21. Re8+ Kc7 22. Ne6+ Kb7 23. Qd5+ Ka7 24. Be3 g5 25. Nd8 Qb6 26. b4 gxf4 27. Bf2 a5 28. Ne6 axb4 29. Nxf8 Qc6 30. Qxc6 Nxc6 31. Rxa8+ Kxa8 32. Nxd7 c4 33. Rc1 Rd8 34. Nb6+ Kb7 35. h4 Nd4 36. Re1 Nf3+ 37. gxf3 c3 38. Re7+ Kc6 39. Re5 Rd1+ 40. Kg2 Rd2 41. Kf1 Rxa2 42. Nd5 Rb2 43. Nxf4 Rb1+ 44. Kg2 Kd6 45. Rd5+ Ke7 46. Rxb5 c2 47. Be3 Rb3 48. Bd2 Rb1 49. Rxb4 Rxb4 50. Nd5+ 1-0

[Event "Sao Paulo op-B U2050 6th"]
[Site "Sao Paulo"]
[Date "2017.04.15"]
[Round "3"]
[White "Schwertner, Joao Victor Moreir"]
[Black "Aragao, Hudson Oliveira Fon"]
[Result "1/2-1/2"]
[WhiteElo "1788"]
[BlackElo "1543"]
[PlyCount "128"]
[EventDate "2017.04.14"]
[EventType "swiss"]
[EventRounds "6"]
[EventCountry "BRA"]
[SourceTitle "EXT 2019"]
[Source "ChessBase"]
[SourceDate "2018.10.10"]
[SourceVersion "1"]
[SourceVersionDate "2018.10.10"]
[SourceQuality "1"]

1. d4 d5 2. c4 e6 3. Nc3 Nf6 4. Nf3 c6 5. e3 Nbd7 6. a3 Be7 7. b4 0-0 8. Bb2 b6 9. Rc1 Bb7 10. b5 c5 11. Bd3 Re8 12. 0-0 Bd6 13. cxd5 exd5 14. dxc5 Nxc5 15. Bb1 Nce4 16. Ne2 Qe7 17. Ned4 Bxa3 18. Qb3 Bxb2 19. Qxb2 Rec8 20. Nf5 Qd7 21. N3d4 Nd6 22. Nxd6 Qxd6 23. Bf5 Rc5 24. Rfd1 a5 25. Nf3 Re8 26. Rd4 Qc7 27. Rxc5 Qxc5 28. Rh4 Bc8 29. Nd4 Bxf5 30. Nxf5 Rc8 31. f3 Qc1+ 32. Qxc1 Rxc1+ 33. Kf2 Rc2+ 34. Kg3 Rc4 35. Nd4 a4 36. Nc2 Rxc2 37. Rxa4 Rc8 38. Ra7 Rb8 39. Kf4 Kf8 40. Ke5 Ke8 41. g4 h6 42. h4 Rc8 43. g5 hxg5 44. hxg5 Nh7 45. f4 Rc5 46. Kd6 Rc8 47. Kxd5 Nf8 48. f5 Rd8+ 49. Kc6 Nd7 50. Kc7 Ne5 51. Ra4 Rd7+ 52. Kxb6 Rd6+ 53. Kc5 Rd8 54. Re4 f6 55. b6 Kd7 56. Rd4+ Ke7 57. gxf6+ gxf6 58. Rxd8 Kxd8 59. Kd6 Kc8 60. Ke6 Ng4 61. e4 Kb7 62. e5 fxe5 63. f6 Nxf6 64. Kxe5 Kxb6 1/2-1/2

[Event "Sao Paulo op-B U2050 6th"]
[Site "Sao Paulo"]
[Date "2017.04.14"]
[Round "1"]
[White "Aragao, Hudson Oliveira Fon"]
[Black "Boabaid, Jorge Alberto Duard"]
[Result "0-1"]
[WhiteElo "1543"]
[BlackElo "1852"]
[PlyCount "66"]
[EventDate "2017.04.14"]
[EventType "swiss"]
[EventRounds "6"]
[EventCountry "BRA"]
[SourceTitle "EXT 2019"]
[Source "ChessBase"]
[SourceDate "2018.10.10"]
[SourceVersion "1"]
[SourceVersionDate "2018.10.10"]
[SourceQuality "1"]

1. d4 Nf6 2. c4 e5 3. dxe5 Ng4 4. Nf3 Nc6 5. Nc3 Bb4 6. Bd2 Ngxe5 7. Nxe5 Nxe5 8. e3 0-0 9. Be2 d6 10. Nd5 Bxd2+ 11. Qxd2 c6 12. Nc3 Be6 13. b3 Qf6 14. 0-0 Rad8 15. Rad1 Qg6 16. f4 Bh3 17. Bf3 Nxf3+ 18. Rxf3 Bf5 19. Rg3 Qf6 20. Qd4 Qxd4 21. Rxd4 Rfe8 22. e4 c5 23. Rd5 Bxe4 24. Nxe4 Rxe4 25. Rgd3 Rxf4 26. Rxd6 Rxd6 27. Rxd6 Rd4 28. Rd5 Rxd5 29. cxd5 Kf8 30. Kf2 Ke7 31. Ke3 f5 32. Kd3 b5 33. g4 Kd6 0-1

[Event "Sao Paulo op-B U2050 6th"]
[Site "Sao Paulo"]
[Date "2017.04.14"]
[Round "2"]
[White "Bonfim, Regina Rodrigues"]
[Black "Aragao, Hudson Oliveira Fon"]
[Result "1/2-1/2"]
[WhiteElo "1769"]
[BlackElo "1543"]
[PlyCount "92"]
[EventDate "2017.04.14"]
[EventType "swiss"]
[EventRounds "6"]
[EventCountry "BRA"]
[SourceTitle "EXT 2019"]
[Source "ChessBase"]
[SourceDate "2018.10.10"]
[SourceVersion "1"]
[SourceVersionDate "2018.10.10"]
[SourceQuality "1"]

1. e4 e5 2. Nf3 Nc6 3. d4 exd4 4. Nxd4 d6 5. Bc4 Ne5 6. Be2 Nf6 7. Nc3 Be7 8. 0-0 0-0 9. f4 Ned7 10. Bf3 Re8 11. g4 h6 12. g5 hxg5 13. fxg5 Nh7 14. h4 Ne5 15. Bf4 Nf8 16. Nf5 Be6 17. Nd5 Nfg6 18. Bg3 Nxf3+ 19. Qxf3 c6 20. Ndxe7+ Nxe7 21. Nxd6 Rf8 22. b3 Qb6+ 23. Kh2 Rad8 24. Rad1 Nc8 25. Nxc8 Rxc8 26. c4 Rfd8 27. Bd6 Rd7 28. c5 Qd8 29. Qf4 b6 30. h5 Qe8 31. h6 f6 32. Qh4 Qg6 33. Rg1 f5 34. Rdf1 bxc5 35. exf5 Bxf5 36. Be5 Re8 37. Bxg7 Rd4 38. Bxd4 cxd4 39. Rf4 d3 40. Rg2 Qd6 41. Qf2 Re4 42. Kg3 Qe5 43. Rh2 Re3+ 44. Kh4 Re4 45. Kg3 Re3+ 46. Kh4 Re4 1/2-1/2

[Event "Joao Pessoa Fischer Memorial 8th"]
[Site "Joao Pessoa"]
[Date "2017.03.17"]
[Round "2"]
[White "Aragao, Hudson Oliveira Fon"]
[Black "Azevedo, Eduardo Jose E"]
[Result "1-0"]
[WhiteElo "1553"]
[BlackElo "1831"]
[PlyCount "71"]
[EventDate "2017.03.17"]
[EventType "swiss"]
[EventRounds "6"]
[EventCountry "BRA"]
[SourceTitle "CBM 177 Extra"]
[Source "ChessBase"]
[SourceDate "2017.04.27"]
[SourceVersion "1"]
[SourceVersionDate "2017.04.27"]
[SourceQuality "1"]

1. d4 c5 2. d5 g6 3. c4 Bg7 4. Nc3 d6 5. Nf3 Nf6 6. e4 0-0 7. Be2 a6 8. Qc2 e6 9. 0-0 exd5 10. exd5 Bf5 11. Bd3 Bxd3 12. Qxd3 Re8 13. Bd2 Nbd7 14. Rfe1 Qc7 15. Rab1 Ng4 16. b3 Nde5 17. Nxe5 Nxe5 18. Qh3 Qc8 19. Qxc8 Rexc8 20. Ne4 Bf8 21. Nf6+ Kg7 22. Ne4 f6 23. f4 Nd7 24. Bc3 Kf7 25. g4 Be7 26. h3 h6 27. Kg2 Re8 28. Rb2 f5 29. gxf5 gxf5 30. Ng3 Rg8 31. Kf3 Bh4 32. Rg2 Rxg3+ 33. Rxg3 Bxg3 34. Kxg3 Re8 35. Rxe8 Kxe8 36. Kh4 1-0

[Event "Sao Paulo-C U1700 op 5th"]
[Site "Sao Paulo"]
[Date "2016.10.16"]
[Round "5.13"]
[White "Aragao, Hudson Oliveira Fon"]
[Black "Lima, Aine Carolina"]
[Result "1/2-1/2"]
[WhiteElo "1615"]
[BlackElo "1517"]
[PlyCount "65"]
[EventDate "2016.10.13"]
[EventType "swiss"]
[EventRounds "6"]
[EventCountry "BRA"]
[SourceTitle "EXT 2022"]
[Source "ChessBase"]
[SourceDate "2021.10.06"]
[SourceVersion "1"]
[SourceVersionDate "2021.10.06"]
[SourceQuality "1"]

1. d4 d5 2. c4 c6 3. Nc3 e6 4. e3 f5 5. cxd5 cxd5 6. Nf3 Nc6 7. a3 Bd6 8. Bb5 a6 9. Ba4 b5 10. Bc2 Nf6 11. Bd2 0-0 12. 0-0 Ne4 13. Rc1 Bd7 14. Be1 Be8 15. Bd3 Rc8 16. Qb3 Na5 17. Qa2 Nxc3 18. Bxc3 Nc4 19. b3 Nxa3 20. Bb2 Rxc1 21. Rxc1 Qa5 22. Ne1 Nc4 23. Qxa5 Nxa5 24. Ra1 Nxb3 25. Rxa6 Bc7 26. Rxe6 Bd7 27. Re7 Rf7 28. Rxf7 Kxf7 29. Kf1 Nd2+ 30. Ke2 Nc4 31. Bc3 Nd6 32. h3 Ne4 33. Bb4 1/2-1/2

[Event "Sao Paulo op-B 3rd"]
[Site "Sao Paulo"]
[Date "2015.09.19"]
[Round "3"]
[White "Schwertner, Joao Victor Moreir"]
[Black "Aragao, Hudson Oliveira Fon"]
[Result "1-0"]
[WhiteElo "1913"]
[BlackElo "1613"]
[PlyCount "83"]
[EventDate "2015.09.17"]
[EventType "swiss"]
[EventRounds "6"]
[EventCountry "BRA"]
[SourceTitle "EXT 2016"]
[Source "ChessBase"]
[SourceDate "2015.10.08"]
[SourceVersion "1"]
[SourceVersionDate "2015.10.08"]
[SourceQuality "1"]

1. d4 d5 2. c4 e6 3. Nc3 Nf6 4. e3 c6 5. Nf3 Nbd7 6. Bd3 dxc4 7. Bxc4 b5 8. Bd3 a6 9. a3 Bb7 10. Qc2 Be7 11. 0-0 c5 12. Be2 h6 13. Rd1 c4 14. e4 0-0 15. Bf4 Qb6 16. d5 exd5 17. exd5 Bc5 18. Bf1 Rfe8 19. Rd2 a5 20. Rad1 Nh5 21. Qf5 Nxf4 22. Qxd7 Ba6 23. Qf5 Ng6 24. d6 Qc6 25. Rd5 Bb6 26. Nxb5 Bxb5 27. Rxb5 Rab8 28. Rbd5 Rbd8 29. g3 a4 30. Bg2 Bxf2+ 31. Kxf2 Qb6+ 32. Kf1 Qxb2 33. R5d2 Qxa3 34. d7 Re3 35. Ne1 Re5 36. Qc2 Rc5 37. Re2 Kf8 38. Rd5 Rc7 39. Rf2 Ne7 40. Qh7 Nxd5 41. Bxd5 Rdxd7 42. Re2 1-0